000 00532nam a2200181 i 4500
001 23925
003 ES-MaACL
005 20240505063018.0
007 t|
008 021213s1957 sp ||||1| spa d
100 0 _aAnsón, Luis María,
_d1935-
_921849
245 1 3 _aLa monarquía hoy /
_cLuis María Ansón.
250 _a[1ª ed.].
260 _aMadrid :
_bUnión Distribuidora Ediciones,
_c[1957] (
_fArtegrafía)
300 _a212 p. ;
_c17 cm.
852 _aES-MaACL
_jC-11690
_bR.39809
999 _c23925
_d23925